Catálogo
 En Linea

Diccionario de filosofía / (Registro nro. 38847)

Detalles MARC
000 -CABECERA
campo de control de longitud fija 00483nam a2200157 a 4500
001 - NÚMERO DE CONTROL
campo de control 000039357
005 - FECHA Y HORA DE LA ÚLTIMA TRANSACCIÓN
campo de control 20201002031618.0
008 - DATOS DE LONGITUD FIJA--INFORMACIÓN GENERAL
campo de control de longitud fija 130625s1985 dr 000 0 spa d
040 ## - FUENTE DE LA CATALOGACIÓN
Centro catalogador/agencia de origen DO-SdBNP
Lengua de catalogación spa
Centro/agencia transcriptor BNPHU
100 1# - ENTRADA PRINCIPAL--NOMBRE DE PERSONA
Nombre de persona Rosental, M. M.
9 (RLIN) 62202
245 10 - MENCIÓN DE TÍTULO
Título Diccionario de filosofía /
Mención de responsabilidad, etc. M. M. Rosental, P. F. Iudin.
260 ## - PUBLICACIÓN, DISTRIBUCIÓN, ETC.
Lugar de publicación, distribución, etc. Santo Domingo :
Nombre del editor, distribuidor, etc. Alfa y Omega,
Fecha de publicación, distribución, etc. 1985.
300 ## - DESCRIPCIÓN FÍSICA
Extensión 498 ;
Dimensiones 16 cm.
500 ## - NOTA GENERAL
Nota general Traducido del idioma ruso al español
700 1# - PUNTO DE ACCESO ADICIONAL--NOMBRE DE PERSONA
Nombre de persona Iudin, P. F.
9 (RLIN) 65561
Existencias
Estado de retiro Estado de pérdida No para préstamo Código de colección Localización permanente Ubicación/localización actual Ubicación en estantería Fecha de adquisición Número de inventario Total de préstamos Signatura topográfica completa Código de barras Fecha visto por última vez Precio válido a partir de Tipo de ítem Koha
    Excluido de préstamo Patrimonio Dominicano Patrimonio Dominicano Patrimonio Dominicano En catalogación 25.06.2013 LF1   39357-10 25.06.2020 25.06.2020 Libro y Folleto Colección Patrimonio Dominicano

Con tecnología Koha